| 000 | 00573nam a2200169Ia 4500 | ||
|---|---|---|---|
| 005 | 20250424120244.0 | ||
| 008 | 250424s9999 xx 000 0 und d | ||
| 022 | _a26307030 | ||
| 050 | _aHD 70.N43 .I46/ | ||
| 245 | 0 | _aIlorin journal of finance | |
| 260 | _aIlorin, Nigeria | ||
| 260 | _bDepartment of finance, University of Ilorin | ||
| 260 | _c2019 | ||
| 300 | _aviii, 136 p. :ill. ; 25 cm. | ||
| 650 | _aIndustrial management--Nigeria--Periodicals. Finance--Nigeria--Periodicals. Medical care--Nigeria--Periodicals. Nigeria--Commerce--Periodicals. | ||
| 942 | _cSR | ||
| 999 |
_c38270 _d38270 |
||